000 00692nam a2200289Ia 4500
005 20260324130813.0
008 008 260324s9999 xx 000 0 eng d
020 _a9781315602882
037 _aEBOOK
040 _aCRL
040 _beng
040 _cCRL
041 _2eng
041 _aeng
084 _qCRL
100 _aMarjaana Niemi
_91183147
245 0 _aPublic Health and Municipal Policy Making
245 0 _bBritain and Sweden, 1900–1940
260 _bTaylor and Francis
260 _c2007
365 _a
365 _b240
856 _uhttp://www.taylorfrancis.com/books/9781315602882
942 _cEBOOK
999 _c1779667
_d1779667